علم الشخصية / (Record no. 61273)
[ view plain ]
| 000 -الفاتح | |
|---|---|
| حقل البيانات ثابتة الطول | 01430nam a22003377a 4500 |
| 005 - وقت وتاريخ اخر تعامل مع التسجيلة | |
| رقم الضبط | 20240530110452.0 |
| 008 - عناصر البيانات ثابتة الطول - معلومات عامة | |
| حقل البيانات ثابتة الطول | 150407s2010 ua g b 000 0aara d |
| 017 ## - رقم الايداع القانونى | |
| رقم الايداع القانونى | 2010/17234 ( v. 1 ) |
| المصدر ( الهيئة المختصة) | مصر . دار الكتب المصرية |
| 020 ## - الرقم الدولى المعيارى للكتب | |
| الرقم الدولى المعيارى للكتاب | 9789777042864 |
| 040 ## - مصدر الفهرسة | |
| وكالة الفهرسة الأصلية | EG-CaGPL |
| 082 04 - رقم تصنيف ديوى العشرى | |
| رقم الطبعة | 21 |
| رقم التصنيف | 155.2\ |
| رقم المادة | ب ع |
| 100 1# - المدخل الرئيسى - إسم شخصى | |
| الإسم الشخصى | برفين ، لورانس أ. |
| 245 10 - بيان العنوان | |
| العنوان | علم الشخصية / |
| بيان المسئوليه,etc | تاليف لورانس أ. برفين ؛ ترجمة عبدالحليم محمود السيد ، ايمن محمد عامر ، محمد يحيى الرخاوى ؛ مراجعة عبدالحليم محمود السيد |
| 250 ## - بيان الطبعة | |
| بيان الطبعة | ط1 |
| 260 ## - PUBLICATION, DISTRIBUTION, ETC. (IMPRINT) | |
| تاريخ النشر أو التوزيع | 2010 . |
| 300 ## - الوصف المادى | |
| التعداد | 2 جزء ؛ |
| أبعاد الوعاء | 24 سم |
| 490 0# - بيان السلسلة | |
| عنوان السلسلة | المشروع القومى للترجمة |
| 504 ## - تبصرة ببليوجرافية | |
| تبصرة ببليوجرافية,الخ | يشتمل على ارجاعات ببليوجرافية |
| 650 04 - المدخل الاضافى بالموضوع-مصطلح موضوعى | |
| مصطلح موضوعي | الشخصانية ( فلسفة ) |
| 650 04 - المدخل الاضافى بالموضوع-مصطلح موضوعى | |
| مصطلح موضوعي | الفردية |
| 650 04 - المدخل الاضافى بالموضوع-مصطلح موضوعى | |
| مصطلح موضوعي | الذات |
| 650 04 - المدخل الاضافى بالموضوع-مصطلح موضوعى | |
| مصطلح موضوعي | اللاشعور |
| 650 04 - المدخل الاضافى بالموضوع-مصطلح موضوعى | |
| مصطلح موضوعي | الشخصية |
| التقسيم الفرعي العام | تقييم |
| 650 04 - المدخل الاضافى بالموضوع-مصطلح موضوعى | |
| مصطلح موضوعي | الشخصية |
| 650 04 - المدخل الاضافى بالموضوع-مصطلح موضوعى | |
| مصطلح موضوعي | المثالية |
| 700 1# - المدخل الاضافى - اسم شخصى | |
| الإسم الشخصى | عبدالحليم محمود السيد |
| الدور | مترجم ومراجع |
| 700 1# - المدخل الاضافى - اسم شخصى | |
| الإسم الشخصى | ايمن محمد عامر |
| الدور | مترجم مشارك |
| 700 1# - المدخل الاضافى - اسم شخصى | |
| الإسم الشخصى | محمد يحيى الرخاوى |
| الدور | مترجم مشارك |
| 942 ## - عناصر المدخل الإضافي( كوها) | |
| مصدر التصنيف او مخطط الترفيف | Dewey Decimal Classification |
| Koha [default] item type | كتاب |
| 260 ## - PUBLICATION, DISTRIBUTION, ETC. (IMPRINT) | |
| -- | القاهرة : |
| -- | المركز القومى للترجمة ، |
| حالة التراجع | حالة الفقد | حالة تلف | ليس للاعارة | المكان المؤقت | الموقع الحالى | تاريخ الاكتساب | اجمالي اﻻعارات | رقم الطلب | الباركود | تاريخ اخر مشاهدة | تاريخ تفعيل السعر | نوع وعاء كوها |
|---|---|---|---|---|---|---|---|---|---|---|---|---|
| مكتبة القاهرة الكبرى | مكتبة القاهرة الكبرى | 05/16/2015 | 155.2\ ب ع | 160528 | 05/16/2015 | 05/16/2015 | كتاب | |||||
| مكتبة القاهرة الكبرى | مكتبة القاهرة الكبرى | 05/16/2015 | 155.2\ ب ع | 160529 | 05/16/2015 | 05/16/2015 | كتاب |

